LEADER 01306nam2 22002893i 450 001 VAN0122276 005 20190702120557.525 010 $a154478 100 $a20190702d2014 |0itac50 ba 101 $aita 102 $aIT 105 $a|||| ||||| 200 1 $aˆ3: ‰Miscellanea 210 $aTorino$cGiappichelli$d2014 215 $aVII, 1298-1788 p.$d25 cm. 461 1$1001VAN0122273$12001 $aRecte sapere$estudi in onore di Giuseppe Dalla Torre$fa cura di Geraldina Boni ... [et al.]$1210 $aTorino$cGiappichelli$d2014$1215 $a3 volumi$d25 cm.$v3 606 $aDalla Torre, Giuseppe <1943- >$xOpere$xBibliografia$3VANC034977$2SG 620 $dTorino$3VANL000001 712 $aGiappichelli $3VANV107921$4650 801 $aIT$bSOL$c20230707$gRICA 899 $aBIBLIOTECA DEL DIPARTIMENTO DI ECONOMIA$1IT-CE0106$2VAN03 899 $aBIBLIOTECA DEL DIPARTIMENTO DI GIURISPRUDENZA$1IT-CE0105$2VAN00 912 $aVAN0122276 950 $aBIBLIOTECA DEL DIPARTIMENTO DI GIURISPRUDENZA$d00CONS XII.Gb.8 3 $e00UBG43253 20190702 950 $aBIBLIOTECA DEL DIPARTIMENTO DI ECONOMIA$d03PREST IVEc25(3) $e03 33253 20200709 996 $aMiscellanea$9148858 997 $aUNICAMPANIA